000 00963nam a2200217Ia 4500
003 Ost
005 20260507075435.0
008 260507s9999||||xx |||||||||||||| ||und||
040 _cfsecg
041 _aara
082 _a657
100 _aمرزوق، ناصر
_eمؤلف
245 0 _aمدخل الى المحاسبة العامة :
_bدروس وأعمال موجهة /
_c ناصر مرزوق
260 _aالجزائر:
_bالصفحات الزرقاء العالمية,
_c2008
300 _a108 صفحة؛
_bإيضاحات ؛
_c23 سم
504 _aببليوغرافيا: ص.109
520 _aالمؤسسة، مدخل الى المحاسبة العامة، الميزانية، الحساب، أنظمة التسجيل المحاسبي، اليومية العامة، دفتر الأستاد، ميزان المراجعة، حلول الأعمال الموجهة
653 _aالمحاسبة
653 _aالميزانية
942 _cكتاب
999 _c44537
_d44537